01088nam a2200277 a 450000100100000000500170001000800410002704000250006808200170009324501060011026000570021630000210027350000450029453400400033965000290037965000410040865000310044965000420048065000340052265000410055670000350059770000310063204900090066395201210067299900170079300002209220240424131120.0100916s1975 ag r 000 0 spa d aDO-SdBNPbspacBNPHU a333.7bF954r00aFuentes de recursos de nuestro planeta /ccompilación Charles F. Park ; traducción Daniel Landes. aBuenos Aires, Argentina :bEdiciones Marymar,c1975. a374 p. ;c23 cm. aPrimera edición en castellano en 1975. aTítulo original:tEarth resources 0aRecursos naturales 9512 4aRecursos de la vida silvestre945776 4aRecursos acuáticos94021 4aProtección del medio ambiente94185 4aRecursos geotérmicos945777 4aRecursos naturales renovables9457781 aPark, Charles F.ecomp.9457791 aLandes, Daniel,etr.94474 aBNGR 001054708MOaGRbGRcCTd2010-09-16iLF1l0o333.7 F954rp22092-10r2020-06-25w2020-06-25y4ZPréstamo en sala c21590d21590